Introduction to international political economy / (Record no. 19755)
[ view plain ]
| 000 -LEADER | |
|---|---|
| fixed length control field | 02026cam a22002895a 4500 |
| 001 - CONTROL NUMBER | |
| control field | 016773390 |
| 003 - CONTROL NUMBER IDENTIFIER | |
| control field | OSt |
| 005 - DATE AND TIME OF LATEST TRANSACTION | |
| control field | 20201128021314.0 |
| 008 - FIXED-LENGTH DATA ELEMENTS--GENERAL INFORMATION | |
| fixed length control field | 140708t2014 enkabo frb 001 0 eng d |
| 020 ## - INTERNATIONAL STANDARD BOOK NUMBER | |
| International Standard Book Number | 9781292059860 (pbk.) |
| 020 ## - INTERNATIONAL STANDARD BOOK NUMBER | |
| International Standard Book Number | 1292059869 (pbk.) |
| 040 ## - CATALOGING SOURCE | |
| Original cataloging agency | Uk |
| Language of cataloging | eng |
| Transcribing agency | Uk |
| Modifying agency | EG-ScBUE |
| -- | EG-ScBUE |
| 082 04 - DEWEY DECIMAL CLASSIFICATION NUMBER | |
| Classification number | 337 |
| Item number | BAL |
| Edition number | 22 |
| 100 1# - MAIN ENTRY--PERSONAL NAME | |
| Personal name | Balaam, David N., |
| Dates associated with a name | 1950- |
| 9 (RLIN) | 38214 |
| 245 10 - TITLE STATEMENT | |
| Title | Introduction to international political economy / |
| Remainder of title | David N. Balaam, Bradford Dillman. |
| 250 ## - EDITION STATEMENT | |
| Edition statement | 6th ed., Global ed. |
| 260 ## - PUBLICATION, DISTRIBUTION, ETC. (IMPRINT) | |
| Place of publication, distribution, etc | Harlow : |
| Name of publisher, distributor, etc | Pearson Education Limited, |
| Date of publication, distribution, etc | c.2014. |
| 300 ## - PHYSICAL DESCRIPTION | |
| Extent | 606 p. : |
| Other physical details | maps, photographs, tables ; |
| Dimensions | 25 cm. |
| 500 ## - GENERAL NOTE | |
| General note | Index : p. 582-606. |
| 504 ## - BIBLIOGRAPHY, ETC. NOTE | |
| Bibliography, etc | Includes bibliographical references. |
| 505 ## - FORMATTED CONTENTS NOTE | |
| Formatted contents note | An overview of international political economy --<br/>Laissez-Faire : the economic liberal perspective --<br/>Wealth and power : the Mercantilist perspective --<br/>Economic determinism and exploitation : the structuralist perspective --<br/>Alternative perspectives on international political economy [IPE] : constructivist and feminist --<br/>The production and trade structure --<br/>The international monetary and finance structure --<br/>International debt and financial crises --<br/>The global security structure --<br/>The knowledge and technology structure --<br/>The development conundrum : choices amidst constraints --<br/>Regionalism : towards a more perfect (European) Union --<br/>Moving into position : the rising powers --<br/>The Middle East : the quest for the development and democracy --<br/>The illicit global economy : the dark side of globalization --<br/>Transnational corporations : the governance of foreign investment --<br/>Food and hunger : market failure and injustice --<br/>The IPE of energy resources : stuck in transition --<br/>The environment : steering away from climate change and global disaster. |
| 650 #7 - SUBJECT ADDED ENTRY--TOPICAL TERM | |
| Topical term or geographic name as entry element | International economic relations. |
| Source of heading or term | BUEsh |
| 9 (RLIN) | 3036 |
| 651 ## - SUBJECT ADDED ENTRY--GEOGRAPHIC NAME | |
| Source of heading or term | BUEsh |
| 653 ## - INDEX TERM--UNCONTROLLED | |
| Resource For college | BAEPS, Economics |
| Arrived date list | June2015 |
| -- | July2015 |
| Resource For college | Law |
| Arrived date list | July2016 |
| 700 1# - ADDED ENTRY--PERSONAL NAME | |
| Personal name | Dillman, Bradford L. |
| 9 (RLIN) | 40536 |
| 942 ## - ADDED ENTRY ELEMENTS (KOHA) | |
| Source of classification or shelving scheme | Dewey Decimal Classification |
| Call number prefix | 337 BAL |
| Withdrawn status | Lost status | Source of classification or shelving scheme | Damaged status | Not for loan | Koha collection | Home library | Current library | Shelving location | Date acquired | Source of acquisition | Cost, normal purchase price | Serial Enumeration / chronology | Total Checkouts | Total Renewals | Full call number | Barcode | Date last seen | Date last borrowed | Cost, replacement price | Koha item type | Checked out |
|---|---|---|---|---|---|---|---|---|---|---|---|---|---|---|---|---|---|---|---|---|---|
| Dewey Decimal Classification | Alahram | Central Library | Central Library | First floor | 18/06/2015 | 295.00 | 317 | 4 | 41 | 337 BAL | 000038541 | 15/07/2025 | 05/10/2022 | 368.75 | Book - Borrowing | ||||||
| Dewey Decimal Classification | Baccah | Central Library | Central Library | First floor | 28/07/2016 | Purchase | 394.00 | 26080 | 337 BAL | 000033070 | 15/07/2025 | 492.50 | NB - Book (Non borrowing) | ||||||||
| Dewey Decimal Classification | Baccah | Central Library | Central Library | First floor | 28/07/2016 | Purchase | 394.00 | 26080 | 5 | 33 | 337 BAL | 000033087 | 05/11/2023 | 05/11/2023 | 492.50 | Book - Borrowing | 30/12/2025 |